000 01412nam a2200313 4500
001 443
003 OSt
005 20250701085140.0
008 250701b |||||||g |||| 00| j eng d
020 _a9788516045418
040 _bpor
041 _apor
082 _a028.5
_bB214a
100 1 _aBandeira, Pedro
_d1942-
_9977
245 _aAnjo da Morte :
_bMais uma aventura com os Karas! /
_cBandeira, Pedro ; Ilustrações de Hector Gomes
250 _a4 ed.
260 _aSão Paulo
_bModerna
_c2013
300 _a190 p.
_bil.
520 _aOs Karas lutam contra o renascimento do nazismo. Os Karas, os cinco adolescentes de "A Droga da Obediência", envolvem-se na investigação do assassinato de um grande ator de teatro. Mal sabiam eles que teriam de enfrentar o Anjo da Morte, um ex-oficial nazista culpado do massacre de milhares de pessoas em um campo de concentração durante a Segunda Guerra Mundial. Mais uma história de grande suspense de Pedro Bandeira, que surpreenderá qualquer leitor. Esse é mais um trabalho para os Karas: o avesso dos coroas, o contrário dos caretas!
650 0 _aLiteratura Brasileira
_9205
650 0 _aInfantojuvenil
_9200
650 0 _aAventura
_947
650 0 _aCrime e Investigação
_913
655 0 _aRomance
_923
655 0 _aFicção
_922
700 _aHector Gomes
_eILUSTRADOR
_9978
830 _aOs Karas
_9979
_vvol. 03
942 _2ddc
_n0
_cBK
999 _c443
_d443